ARRUPE JESUIT UNIVERSITY

CORONAVIRUS -STOP THE SPREAD - CLEAN,DISINFECT,COVER

Parting the desert : (Record no. 131380)

MARC details
000 -LEADER
fixed length control field 01437cam a2200349 a 4500
001 - CONTROL NUMBER
control field 12906587
003 - CONTROL NUMBER IDENTIFIER
control field ARRUPE
005 - DATE AND TIME OF LATEST TRANSACTION
control field 20220510081344.0
008 - FIXED-LENGTH DATA ELEMENTS--GENERAL INFORMATION
fixed length control field 020826s2003 nyuabf b 001 0deng
010 ## - LIBRARY OF CONGRESS CONTROL NUMBER
LC control number 2002034209
020 ## - INTERNATIONAL STANDARD BOOK NUMBER
International Standard Book Number 0375408835
040 ## - CATALOGING SOURCE
Original cataloging agency DLC
Transcribing agency DLC
Modifying agency DLC
042 ## - AUTHENTICATION CODE
Authentication code pcc
043 ## - GEOGRAPHIC AREA CODE
Geographic area code f-ua---
050 00 - LIBRARY OF CONGRESS CALL NUMBER
Classification number TC791
Item number .K37 2003
082 00 - DEWEY DECIMAL CLASSIFICATION NUMBER
Classification number 386/.43/09
Edition number 21
300 ## - PHYSICAL DESCRIPTION
Other physical details ill., map ;
Dimensions 25 cm.
100 1# - MAIN ENTRY--PERSONAL NAME
Personal name Karabell, Zachary.
9 (RLIN) 51492
245 10 - TITLE STATEMENT
Title Parting the desert :
Remainder of title the creation of the Suez Canal /
Statement of responsibility, etc Zachary Karabell.
250 ## - EDITION STATEMENT
Edition statement 1st ed.
260 ## - PUBLICATION, DISTRIBUTION, ETC. (IMPRINT)
Place of publication, distribution, etc New York :
Name of publisher, distributor, etc A.A. Knopf,
Date of publication, distribution, etc 2003.
300 ## - PHYSICAL DESCRIPTION
Extent 310 p., [8] p. of plates :
504 ## - BIBLIOGRAPHY, ETC. NOTE
Bibliography, etc Includes bibliographical references (p. 295-300) and index.
600 10 - SUBJECT ADDED ENTRY--PERSONAL NAME
Personal name Lesseps, Ferdinand de,
Dates associated with a name 1805-1894.
9 (RLIN) 21918
650 #0 - SUBJECT ADDED ENTRY--TOPICAL TERM
Topical term or geographic name as entry element Canals
Geographic subdivision Egypt
-- Suez
General subdivision Design and construction.
9 (RLIN) 51493
651 #0 - SUBJECT ADDED ENTRY--GEOGRAPHIC NAME
Geographic name Suez Canal (Egypt)
General subdivision History.
9 (RLIN) 51494
856 42 - ELECTRONIC LOCATION AND ACCESS
Materials specified Contributor biographical information
Uniform Resource Identifier <a href="http://www.loc.gov/catdir/bios/random054/2002034209.html">http://www.loc.gov/catdir/bios/random054/2002034209.html</a>
856 41 - ELECTRONIC LOCATION AND ACCESS
Materials specified Sample text
Uniform Resource Identifier <a href="http://www.loc.gov/catdir/samples/random045/2002034209.html">http://www.loc.gov/catdir/samples/random045/2002034209.html</a>
856 42 - ELECTRONIC LOCATION AND ACCESS
Materials specified Publisher description
Uniform Resource Identifier <a href="http://www.loc.gov/catdir/description/random0413/2002034209.html">http://www.loc.gov/catdir/description/random0413/2002034209.html</a>
906 ## - LOCAL DATA ELEMENT F, LDF (RLIN)
a 7
b cbc
c orignew
d 1
e ocip
f 20
g y-gencatlg
942 ## - ADDED ENTRY ELEMENTS (KOHA)
Source of classification or shelving scheme Library of Congress Classification
Koha item type Monograph ( Printed materials)
Holdings
Withdrawn status Lost status Source of classification or shelving scheme Damaged status Not for loan Collection code Home library Current library Shelving location Date acquired Total Checkouts Full call number Barcode Date last seen Price effective from Koha item type
    Library of Congress Classification     Main Collection ARRUPE LIBRARY ARRUPE LIBRARY Main Collection 10/05/2022   TC791 .K37 2003 46600008447 10/05/2022 10/05/2022 Monograph ( Printed materials)

 

Arrupe Library. PO Box MP320 Mt Pleasant, Harare, Zimbabwe
263 242 745411|librarian@aju.ac.zw